=LDR 00000nam 2200000 4500 =001 INLIS000000000025824 =005 20200806073807 =035 ##$$a 0010-061300000025824 =008 200806################g##########0#ind## =041 ##$$a Ind =082 ##$$a 2x4.15 =090 ##$$a 2x4.15, Nur s =100 1#$$a Nurdin, E. Syarief =245 1#$$a Seratus keajaiban di tanah suci pengalaman unik jamaah haji /$c E. Syarief Nurdin =260 ##$$a Bandung :$b Pustaka Hidayah,$c 1996 =300 ##$$a 199 hlm ; $c 18 x 12 cm. =650 #4$$a Haji =850 ##$$a NBPNMAT =084 ##$$a 2x4.15 NUR s =250 ##$$a cet. 1 =990 ##$$a 00052376